| 000 | 00825npc a2200217Ia 4500 | ||
|---|---|---|---|
| 001 | onu19aif-2430 [d000002551] | ||
| 003 | IT-MiCISF | ||
| 008 | 161014s9999||||xx | und|| | ||
| 040 |
_aIT-MiCISF _cIT-MiCISF |
||
| 041 | _aen | ||
| 100 | _aAA.VV. | ||
| 240 | _aSocial Development, Including Questions Relating to the World Social Situation and to Young, Ageing. | ||
| 245 | 0 |
_aSocial Development, Including Questions Relating to the World Social Situation and to Young, Ageing. _bObservance of the International Year of the Family - Report of the Secretary General |
|
| 250 | _a1a ed. | ||
| 260 |
_bUnited Nations _c1995 |
||
| 300 | _app. 41 | ||
| 500 | _aUnited Nations - General Assembly / aif, sviluppo-economico, associazionismo / | ||
| 650 | _asocietà | ||
| 942 | _cDD | ||
| 957 | _71 | ||
| 999 |
_a2430 _bsi _g1 _c206040 _d206040 |
||